<?xml version="1.0" encoding="UTF-8"?><?xml-stylesheet type="text/xsl" href="static/style.xsl"?><OAI-PMH xmlns="http://www.openarchives.org/OAI/2.0/" xmlns:xsi="http://www.w3.org/2001/XMLSchema-instance" xsi:schemaLocation="http://www.openarchives.org/OAI/2.0/ http://www.openarchives.org/OAI/2.0/OAI-PMH.xsd"><responseDate>2026-04-13T05:46:05Z</responseDate><request verb="GetRecord" identifier="oai:www.recercat.cat:2445/12067" metadataPrefix="marc">https://recercat.cat/oai/request</request><GetRecord><record><header><identifier>oai:recercat.cat:2445/12067</identifier><datestamp>2025-12-05T04:21:49Z</datestamp><setSpec>com_2072_1057</setSpec><setSpec>col_2072_478809</setSpec><setSpec>col_2072_478917</setSpec><setSpec>col_2072_478940</setSpec></header><metadata><record xmlns="http://www.loc.gov/MARC21/slim" xmlns:dcterms="http://purl.org/dc/terms/" xmlns:xsi="http://www.w3.org/2001/XMLSchema-instance" xmlns:doc="http://www.lyncode.com/xoai" xsi:schemaLocation="http://www.loc.gov/MARC21/slim http://www.loc.gov/standards/marcxml/schema/MARC21slim.xsd">
   <leader>00925njm 22002777a 4500</leader>
   <datafield ind2=" " ind1=" " tag="042">
      <subfield code="a">dc</subfield>
   </datafield>
   <datafield ind2=" " ind1=" " tag="720">
      <subfield code="a">Costa i Font, Joan</subfield>
      <subfield code="e">author</subfield>
   </datafield>
   <datafield ind2=" " ind1=" " tag="720">
      <subfield code="a">Rovira Forns, Joan</subfield>
      <subfield code="e">author</subfield>
   </datafield>
   <datafield ind2=" " ind1=" " tag="260">
      <subfield code="c">2010-04-12T11:48:55Z</subfield>
   </datafield>
   <datafield ind2=" " ind1=" " tag="260">
      <subfield code="c">2010-04-12T11:48:55Z</subfield>
   </datafield>
   <datafield ind2=" " ind1=" " tag="260">
      <subfield code="c">2004</subfield>
   </datafield>
   <datafield ind2=" " ind1=" " tag="520">
      <subfield code="a">Both public and private insurance for long-term care is undeveloped in some European countries such as in Spain and empirical evidence is still limited. This paper aims at exmining the determinants of the demand for Long Term Care (LTC) coverage in Spain using contingent valuation techniques. Our findings indicate that only one-fifth of the population is willing to pay to assure coverage decisions are significantly affected by private information asymmetry and housing tenure in giving rise to self-insurance reduces the probability of insurance being hypothetically purchased.</subfield>
   </datafield>
   <datafield ind2=" " ind1=" " tag="520">
      <subfield code="a">Tant l'assegurament públic com el privat per a cobrir els riscos financers associats a la dependència està poc desenvolupat en els països Europeus com ara Espanya, i la evidència empírica al respecte és limitada. Aquest article pretén examinar els determinants de la demanda de cobertura de l'atenció de llarga durada PLLD (lligades a la dependència) a Espanya utilitzant la metodologia de valoració contingent. Els nostres resultats indiquen que només una cinquena part de la població esta disposada a pagar per assegurar la cobertura de les PLLD tot i que l'elasticitat al preu es elevada. Les decisions de cobertura de les PLLD està significativament afectada per l'existència d'informació asimètrica així com la propietat d'un pis, atesa la possibilitat d'autoassegurament.</subfield>
   </datafield>
   <datafield tag="653" ind2=" " ind1=" ">
      <subfield code="a">Risc (Economia)</subfield>
   </datafield>
   <datafield tag="653" ind2=" " ind1=" ">
      <subfield code="a">Assegurances</subfield>
   </datafield>
   <datafield tag="653" ind2=" " ind1=" ">
      <subfield code="a">Espanya</subfield>
   </datafield>
   <datafield tag="653" ind2=" " ind1=" ">
      <subfield code="a">Risc</subfield>
   </datafield>
   <datafield tag="653" ind2=" " ind1=" ">
      <subfield code="a">Insurance</subfield>
   </datafield>
   <datafield tag="653" ind2=" " ind1=" ">
      <subfield code="a">Spain</subfield>
   </datafield>
   <datafield ind2="0" ind1="0" tag="245">
      <subfield code="a">Willigness to pay for long-term care coverage: the role of private information and self-insurance</subfield>
   </datafield>
</record></metadata></record></GetRecord></OAI-PMH>